| 000 | 00508nam a2200169Ia 4500 | ||
|---|---|---|---|
| 008 | 090711s9999 xx 000 0 und d | ||
| 082 | _b4727 | ||
| 100 | _aआयरे ला. उाgऎ. | ||
| 245 | _aमायमाऊली | ||
| 260 |
_bवसुंधरा प्रकाशन _c1953 |
||
| 300 | _a111 | ||
| 600 | _aआयरे ला. उाgऎ. | ||
| 630 | _aमायमाऊली | ||
| 700 | _aआयरे ला. उाgऎ. | ||
| 730 | _aमायमाऊली | ||
| 942 | _cBOOK | ||
| 999 |
_c302703 _d302703 |
||